00396nam a2200145Ia 4500003000400000005001700004008004100021040000900062082001900071100001900090245003900109260006100148300000900209650003200218OSt20201005131533.0190216s9999||||xx |||||||||||||| ||und|| coclc a823.039bHOL/S aHolt, Victoria 0aSnare Of Serpents /cVictoria Holt bAn Imprint Of Harper Collins Publishers,c1990.aLondon: a415p aEnglish Novel-English Novel